[Event "North Wales Congress Major"]
[Site "Llandudno"]
[Date "2019.06.22"]
[Round "3.31"]
[White "Banerjee, Sanjoy K"]
[Black "Holland, Ray J"]
[Result "1/2-1/2"]
[WhiteElo "1571"]
[BlackElo "1766"]
[Annotator "kemen"]
[PlyCount "49"]
[EventDate "2019.??.??"]

{[%evp 0,49,19,31,68,48,60,46,46,22,31,42,37,47,29,37,66,61,59,37,51,56,44,51,
43,41,44,36,39,29,20,0,28,9,17,9,5,0,-1,-13,-8,-21,-21,-28,-28,-41,-11,-76,-63,
-99,-89,-93]} 1. e4 c6 2. d4 d5 3. exd5 cxd5 4. Bd3 Nc6 5. c3 Nf6 6. Bf4 Bg4 7.
Qb3 Qc8 (7... Qd7) 8. Nd2 e6 9. Ngf3 Be7 10. a4 O-O 11. O-O Bh5 12. Rfe1 (12.
a5) 12... Bg6 13. Bxg6 hxg6 14. Ne5 Nh5 $146 {Stockfish6} (14... Nd7 15. Ndf3
Ncxe5 16. Nxe5 Nxe5 17. Bxe5 Qc6 18. Re3 b6 19. Qb5 Rfc8 {Roos-Andruet, FRA ch
tm 1989,0-1}) (14... Nxe5 15. Bxe5 Qc6 {transposes to 16 games, 47% for Wh})
15. Nxc6 Qxc6 16. Be3 (16. Be5 $5) 16... Nf6 17. Bg5 Rfe8 18. Nf3 Bd6 19. Ne5
Bxe5 20. dxe5 (20. Rxe5 Ne4 $17 {traps the R}) 20... Nd7 21. Qd1 Rac8 22. Qg4
Qc4 23. f4 Nc5 (23... a5) 24. Re3 Ne4 (24... Nxa4 25. Qh4 Qc5 26. Rae1 Nxb2 27.
Kh1 Nd1 28. Rf3 $16 {Komodo13}) 25. Qe2 (25. Qe2 Qc6 $17 {the N is superior to
the B, doing nothing very much}) 1/2-1/2

[Event "North Wales Congress Major"]
[Site "Llandudno"]
[Date "2019.06.22"]
[Round "3.32"]
[White "Jones, Dewi"]
[Black "Doherty, Paul"]
[Result "0-1"]
[WhiteElo "1532"]
[BlackElo "1738"]
[Annotator "kemen"]
[PlyCount "63"]
[EventDate "2019.??.??"]

{[%evp 0,63,80,23,50,58,83,38,23,23,47,27,14,36,22,6,47,20,6,-48,-28,-47,13,27,
22,-2,-3,-20,-23,-19,-19,-47,-38,-86,-63,-64,-32,-32,-39,-34,-21,-105,-96,-215,
-204,-251,-220,-214,-214,-216,-229,-343,-170,-209,-203,-203,-209,-213,-199,
-199,-150,-424,-569,-612,135,-1053]} 1. e4 c5 2. Nc3 a6 3. f4 e6 4. Nf3 Ne7 5.
g3 (5. d4) 5... Nbc6 6. Bg2 d5 7. exd5 {rare, it helps Bl untangle} (7. d3) (7.
O-O) (7. e5) 7... Nxd5 8. Nxd5 (8. O-O Be7 9. Ne5 Nxe5 10. fxe5 Nxc3 11. bxc3
O-O 12. d4 Qc7 13. Be4 cxd4 14. cxd4 Bd7 15. Qh5 g6 16. Qe2 Bb5 17. Bd3 Bxd3
18. Qxd3 Rfd8 {gray-Franklin, 4NCL 2010,1/2-1/2}) 8... exd5 9. Qe2+ (9. O-O)
9... Be7 10. Ne5 Nb4 (10... Nd4 $15) 11. d3 O-O 12. a3 Nc6 13. Nxc6 (13. O-O
$11) 13... bxc6 $15 {Bl's Bs are a little bit better} 14. O-O Re8 15. Qf3 Bf6
16. c4 $6 {leaves a hole on d4} (16. c3 {Wh needs to be careful & get some
development, rather than try to blast the position open}) 16... Bb7 {cautious}
(16... dxc4 17. dxc4 Bf5 18. Rd1 (18. Qxc6 Qd4+ 19. Kh1 Rad8 20. Qf3 (20. Qxa6
Be4 $19) 20... Qxc4 $19 {Wh is underdeveloped on an open board}) 18... Bd4+ 19.
Kh1 Rb8 $19) (16... Rb8 17. cxd5 cxd5 $19 18. Qxd5 Bd4+ (18... Qe7) (18... Qb6)
19. Kh1 Qxd5 20. Bxd5 Bh3 21. Rd1 Bg4 22. Rf1 Be2 $19 {Komodo13}) 17. Rb1 (17.
Be3 $2 Rxe3 18. Qxe3 Bd4 $19) 17... Bd4+ 18. Kh1 a5 19. Bd2 Qf6 (19... a4) (
19... Rb8) (19... h6) 20. b4 $2 (20. a4 $11 {Komodo13}) 20... cxb4 $19 21. a4 (
21. axb4 a4 $19) 21... Rad8 22. Rfe1 Rxe1+ (22... c5) 23. Rxe1 dxc4 (23... h6)
(23... c5) 24. dxc4 g6 25. Qe4 Bc5 (25... Bf2 {and the R has nowhere to go})
26. Be3 Bxe3 27. Qxe3 Qd4 (27... Ba6) 28. Qe7 (28. Kg1) 28... Rd7 29. Qe8+ Kg7
30. Bd5 {isolates the R, but its Wh's K that matters} cxd5 (30... Rxd5 31. cxd5
c5 32. Qe5+ Qxe5 33. fxe5 (33. Rxe5 b3 $19) 33... Bxd5+ 34. Kg1 Ba2 $19 (34...
c4 $19)) 31. Qxd7 Bc8 (31... Qf2 $1 $19 32. Qxb7 (32. Rc1 Qf3+ 33. Kg1 dxc4) (
32. Re7 Qf1#) 32... Qxe1+ 33. Kg2) 32. Re7 {looks like mutual time trouble} (
32. Qxc8 dxc4 33. Qc6 c3 34. f5 b3 $11) 0-1

[Event "North Wales Congress Major"]
[Site "Llandudno"]
[Date "2019.06.22"]
[Round "3.33"]
[White "Bridgeman, Niamh"]
[Black "Smith, Andrew Pe"]
[Result "1-0"]
[WhiteElo "1478"]
[BlackElo "1668"]
[Annotator "kemen"]
[PlyCount "63"]
[EventDate "2019.??.??"]

{[%evp 0,63,28,-27,1,-6,-8,15,12,13,17,17,23,27,-2,6,9,-13,46,10,29,0,64,-32,
61,-90,54,15,77,84,168,134,95,138,311,108,108,108,102,8,117,93,104,92,165,158,
158,180,216,190,207,195,240,263,246,241,270,271,539,535,546,567,576,552,564,
575]} 1. f4 e5 2. fxe5 d6 3. exd6 Bxd6 4. Nf3 {is a sharper line} Nf6 (4... g5)
5. Nc3 (5. d4 Ng4) 5... O-O (5... Ng4) 6. e4 (6. e3 {main}) 6... Re8 (6... Ng4
7. d4 $2 Nxh2 8. Nxh2 Qh4+ {Goebel-Jostov, LSS No Engine 2011,0-1}) 7. d3 Nc6 (
7... Ng4 8. Be2 Nxh2 9. Nxh2 Bg3+ 10. Kf1 Qd4 {Lang-Multhopp, World Open,
Philadelphia 1995,0-1}) (7... h6 8. Be3 Ng4 9. Qd2 c6 10. a3 Qc7 11. Bg1 Nd7
12. d4 Bf4 13. Qd3 h5 14. Ne2 $11 {Flint-Norris,4NCL 2011,1-0}) 8. Be2 (8. Bg5
Bc5 9. Qd2 Qd6 10. Bf4 Qe7 11. Be2 a6 12. Bg5 Qd6 13. Be3 Bxe3 14. Qxe3 Ng4 15.
Qd2 b5 16. a3 Rb8 17. d4 $16 {Daly-Roething, Bath Beach 1909,1-0}) (8. Qe2 $11
{Cloud Engines}) 8... Bg4 (8... Ng4 9. Nd5 Bc5 10. Qd2 (10. d4 Nxd4 11. Nxd4
Rxe4 $19 {Komodo13}) 10... Nd4 $11 {Cloud Engines}) 9. Bg5 (9. O-O) 9... h6 10.
Bh4 (10. Be3) 10... Bb4 (10... Bxf3 $1 11. gxf3 (11. Bxf3 Nxe4 $1 $17 12. Nxe4
Qxh4+ 13. g3 Qh3) 11... Be5 $15 {Komodo13}) 11. Qd2 (11. O-O $16) 11... Qd6 (
11... Bxf3 12. Bxf3 (12. gxf3 Nxe4 $17) 12... Nxe4 13. Bxd8 Nxd2+ 14. Kxd2
Raxd8 $11 {Komodo13}) 12. O-O (12. Bg3 Qe6 13. O-O Rad8 14. Qe1 $14 {Komodo13})
12... Rad8 (12... Nxe4 13. Nxe4 Bxd2 14. Nxd6 cxd6 15. Nxd2 Rxe2 16. Rf2 Re6
17. h3 Bh5 18. Ne4 d5 19. Ng3 Bg6 $15 {Komodo13}) 13. Qe1 Qc5+ 14. Kh1 Qh5 (
14... g5) 15. Bxf6 $18 (15. h3 $18) 15... gxf6 16. Qg3 (16. h3) (16. Ng1) 16...
Bd6 17. Qh4 (17. e5 Nxe5 18. Nxe5 Bxe5 19. Bxg4 Bxg3 20. Bxh5 Be5 21. Rae1 $18)
17... Re5 18. Qxh5 Rxh5 19. Nd5 Kg7 20. Nxf6 (20. h3) 20... Kxf6 21. e5+ Nxe5
22. Nxe5+ $18 Kxe5 23. Bxg4 Rh4 24. Rf5+ Kd4 25. c3+ Kxd3 26. Rd1+ Ke3 27. Rd4
$18 (27. h3 $18) 27... Rxg4 28. Rxg4 Bc5 29. Re5+ Kd2 (29... Kf2 30. Rf4#) 30.
Rxc5 Kc2 31. Rd4 Re8 32. h3 1-0

[Event "North Wales Congress Major"]
[Site "Llandudno"]
[Date "2019.06.22"]
[Round "3.34"]
[White "Ashcroft, Graham J"]
[Black "Roberts, Malcolm A"]
[Result "1/2-1/2"]
[WhiteElo "1823"]
[BlackElo "1616"]
[Annotator "kemen"]
[PlyCount "99"]
[EventDate "2019.??.??"]

{[%evp 0,99,35,-21,3,-56,-35,-44,16,-10,56,15,21,19,51,44,32,29,24,17,56,67,59,
53,53,6,39,10,57,37,61,63,150,182,197,119,128,116,115,132,178,129,133,139,140,
129,133,133,124,125,127,126,126,126,127,128,128,119,115,122,125,126,125,122,
125,56,97,90,140,137,151,100,103,101,105,105,106,85,104,41,92,64,58,61,52,-25,
-2,-44,-63,0,0,-66,0,0,0,0,0,0,0,0,0,0]} 1. c4 e5 2. g3 Nf6 3. Bg2 c6 4. d4
exd4 5. Qxd4 Be7 (5... d5) (5... Na6) 6. Nc3 d6 7. Nf3 (7. e4 O-O 8. Nge2 Nbd7
9. O-O Ne5 10. b3 Bh3 11. f3 Bxg2 12. Kxg2 c5 {Barber-Roberts, rd1, 1-0}) 7...
Nbd7 8. O-O O-O 9. Bf4 (9. b3) 9... Nb6 (9... Qb6) 10. Rfd1 (10. e4 Nh5 11. Be3
Bf6 12. Qd3 Be7 13. Rad1 Be6 14. b3 f5 15. Nd4 f4 16. Nxe6 {Bagri-Lesquereaux,
Bois Gentil op, Geneve 2014,1-0}) 10... Be6 11. b3 d5 12. cxd5 Nfxd5 13. Rac1
Bf6 14. Be5 Qe7 15. e4 c5 (15... Bxe5 16. Qxe5 f6 17. Qd4 Nc7 18. Qe3 $16 {
Komodo13}) 16. Nxd5 Nxd5 (16... cxd4 17. Nxe7+ Bxe7 18. Nxd4 $18) 17. Qxc5 (17.
Qd2 Bxe5 18. exd5 Bg4 19. d6 Qf6 20. Nxe5 Qxe5 21. Re1 $18 {Komodo13}) 17...
Bxe5 (17... Qxc5 18. Rxc5 Bxe5 19. Nxe5 Nb4 20. a3 Na6 21. Rc3 $16 {Komodo13})
18. Nxe5 (18. Qxe7 Nxe7 19. Nxe5 $18 {Wh is a clear pawn up, with a mobile k
side}) 18... Qxc5 19. Rxc5 Nf6 (19... Nb4) 20. Kf1 (20. f4 $18) 20... Rac8 21.
Rdc1 b6 22. Rxc8 (22. Rc7) 22... Rxc8 23. Rxc8+ Bxc8 24. Ke2 (24. Nc6 $1 $18 {
threatens the B & the a pawn}) 24... Kf8 25. Ke3 Bb7 26. f3 (26. f4) 26... Ke7
27. Bf1 Ne8 28. Bc4 f6 29. Nd3 Nd6 30. Bg8 (30. Nf4) 30... h6 31. a4 (31. Nf4)
31... a5 32. Bc4 g5 33. Kd4 g4 34. fxg4 Bxe4 35. Nf2 (35. Nf4 Nxc4 36. bxc4 Bf3
37. Nd5+ Kd6 38. h3 Bg2 39. h4 Bf3 40. Nxf6 Bd1 41. Nd5 Bxg4 42. Nxb6 Bd1 43.
c5+ Ke6 44. Ke4 $18 {Komodo13}) 35... Bc6 36. Bd5 (36. Nd1) 36... Bd7 37. Bf3
Be6 38. Bd1 b5 39. Ne4 (39. Kc5 $18) 39... bxa4 40. bxa4 Nxe4 41. Kxe4 Kd6 $11
42. h3 Kc5 43. Bc2 Bd7 44. Bd1 Kb4 45. Kd4 Bxa4 46. Bxa4 Kxa4 47. Kc4 Ka3 48.
Kc3 Ka4 49. Kc4 Ka3 50. Kc3 1/2-1/2

[Event "North Wales Congress Major"]
[Site "Llandudno"]
[Date "2019.06.22"]
[Round "3.35"]
[White "Lambert, John F"]
[Black "Bridgeman, Matthew"]
[Result "1-0"]
[WhiteElo "1788"]
[BlackElo "1575"]
[Annotator "kemen"]
[PlyCount "84"]
[EventDate "2019.??.??"]

{[%evp 0,84,19,31,47,14,55,42,33,31,39,38,31,35,45,18,8,-54,-9,-10,24,-5,-5,
-27,39,34,6,-1,1,-6,17,1,26,33,57,45,93,82,61,35,80,45,56,59,59,61,70,103,103,
42,94,70,70,-27,34,-10,158,127,148,121,180,136,168,183,720,789,976,431,431,495,
555,118,561,139,535,625,636,644,639,639,29995,29992,29993,617,29997,29996,
29997]} 1. d4 e6 2. e3 f5 3. Bd3 Nf6 4. Nc3 (4. Nd2) (4. f4 {more frequent
lines}) 4... Bb4 5. Bd2 b6 $146 {Houdini4} (5... O-O 6. Nf3 b6 {3-1}) 6. Qf3 d5
7. Qe2 (7. Qh3) (7. Nh3) 7... O-O $15 8. h4 (8. f4 $5) 8... a5 (8... c5 {
Komodo13- a side attack is usually best met by a counter in the centre}) 9. a3
(9. h5 $5) 9... Be7 10. Nf3 {Stockfish10} (10. h5 Ne4 11. O-O-O {Komodo13})
10... Ne4 11. O-O-O Ba6 12. Bxa6 Nxa6 13. Nxe4 fxe4 14. Ne5 $11 Qe8 15. f3 exf3
16. gxf3 $14 c5 17. Qg2 (17. h5 $16 {Komodo13}) 17... c4 {it will take Bl
quite a while to get an attack going with a further pawn advance on the Q side.
} (17... cxd4 {at least opens the c file for B} 18. exd4 Bd6 $14) 18. e4 $16 {
Stockfish10} (18. Rhg1 Bf6 19. Ng4 Ra7 20. h5 $16 {Komodo13}) 18... Bf6 19.
Rhg1 (19. Ng4 {both Engines} Bxd4 20. Bh6 $18) 19... Ra7 20. exd5 Bxe5 21. dxe5
exd5 22. f4 (22. Be3 Qxe5 23. Bxb6 Rd7 24. Bd4 $16 {Komodo13}) 22... Qe6 23.
Be3 Rd7 24. Qd2 (24. Qf2 {both Engines}) 24... Nc5 25. Bxc5 bxc5 26. Rdf1 (26.
Qxa5 $14) 26... Rdf7 (26... d4 {definite plus for Bl- Stockfish10; Komodo13
considers it =}) 27. Rf2 Qh6 28. Qxd5 $16 Qxh4 (28... c3 29. bxc3 Qxh4 {looks
a little better}) 29. Rgf1 Kh8 (29... c3) 30. Qe4 (30. Qxc5 $18 {both Engines})
30... g5 31. e6 $18 Rxf4 32. Rxf4 Rxf4 33. Qe5+ (33. Rxf4 Qxf4+ (33... gxf4 34.
e7) 34. Qxf4 gxf4 35. e7 $18) 33... Kg8 34. Qb8+ (34. Rg1) 34... Kg7 35. Qe5+
Kg8 36. Rd1 (36. Rg1 {best}) 36... Rf8 37. e7 Re8 38. Qe6+ Kg7 39. Rf1 Qh5 40.
Qe5+ (40. Qf6+ Kg8 41. Qf8+ Rxf8 42. exf8=Q#) 40... Kg8 41. Qxc5 Qe2 42. Qxg5+
(42. Rf8+ Rxf8 43. exf8=Q#) 42... Kh8 1-0